[Event "XII Figueira da Foz Open 2018"]
[Site "Figueira da Foz"]
[Date "2018.11.04"]
[Round "9"]
[White "Marques, Joao Paulo C Veloso"]
[Black "Pipiras, Filipa Fortuna"]
[Result "0-1"]
[WhiteElo "1807"]
[BlackElo "1853"]
[Annotator "NA RC"]
[PlyCount "72"]
[EventDate "2018.10.30"]
[EventType "swiss"]
[EventCountry "POR"]
[SourceTitle "playchess.com"]
[Source "ChessBase"]
[SourceQuality "1"]
[TimeControl "40/5400+30:1800+30"]

1. c4 {[%emt 0:00:00]} e5 {[%emt 0:00:00]} 2. g3 {[%emt 0:00:00]} Nf6 {[%emt 0:00:00]} 3. Bg2 {[%emt 0:00:00]} Nc6 {[%emt 0:00:18]} 4. Nc3 {[%emt 0:00:06]} Bc5 {[%emt 0:00:16]} 5. Nf3 {[%emt 0:00:49]} O-O {[%emt 0:00:24]} 6. O-O {[%emt 0:00:04]} a6 {[%emt 0:00:30]} 7. d3 {[%emt 0:00:12]} h6 {[%emt 0:00:20]} 8. a3 {[%emt 0:00:22]} d6 {[%emt 0:00:41]} 9. Bd2 {[%emt 0:00:53]} Ne7 {[%emt 0:02:23]} 10. b4 {[%emt 0:00:25]} Ba7 {[%emt 0:01:58]} 11. a4 {[%emt 0:02:00]} Be6 {[%emt 0:03:08]} 12. b5 {[%emt 0:01:02]} axb5 {[%emt 0:02:25]} 13. axb5 {[%emt 0:00:50]} Qd7 {[%emt 0:00:24]} 14. Ra4 {[%emt 0:03:01]} Bb6 {[%emt 0:07:35]} 15. Qa1 {[%emt 0:01:07]} Rad8 {[%emt 0:02:42]} 16. Qb2 {[%emt 0:03:01]} Nh7 {[%emt 0:02:37]} 17. e3 {[%emt 0:12:48]} f5 {[%emt 0:02:57]} 18. Ne1 {[%emt 0:03:26]} Rb8 {[%emt 0:07:53]} 19. Nc2 {[%emt 0:03:32]} g5 {[%emt 0:02:52]} 20. Nd5 {[%emt 0:05:24]} Nxd5 {[%emt 0:02:49]} 21. cxd5 {[%emt 0:00:12]} Bf7 {[%emt 0:00:33]} 22. d4 {[%emt 0:01:50]} e4 {[%emt 0:03:11]} 23. Qb3 {[%emt 0:05:53]} Nf6 {[%emt 0:00:33]} 24. Rb1 {[%emt 0:07:15]} Bxd5 {[%emt 0:05:20]} 25. Qa3 {[%emt 0:01:21]} Kg7 {[%emt 0:07:20]} 26. Bf1 {[%emt 0:00:08]} c6 {[%emt 0:03:01]} 27. Nb4 {[%emt 0:14:00]} Bf7 {[%emt 0:03:29]} 28. bxc6 {[%emt 0:01:34]} bxc6 {[%emt 0:00:21]} 29. Na6 {[%emt 0:01:08]} Rb7 {[%emt 0:00:27]} 30. Rab4 {[%emt 0:02:20]} Nd5 {[%emt 0:00:14]} 31. R4b2 {[%emt 0:01:17]} Ra8 {[%emt 0:11:55]} 32. Ba5 {[%emt 0:05:00]} Qd8 {[%emt 0:01:50]} 33. Rxb6 {[%emt 0:08:39]} Nxb6 {[%emt 0:02:31]} 34. Qb2 {[%emt 0:04:11]} Nc4 {[%emt 0:03:37]} 35. Qxb7 {[%emt 0:00:24]} Nxa5 {[%emt 0:00:08]} 36. Ra1 {[%emt 0:05:19]} Nxb7 {[%emt 0:00:11]} 0-1

[Event "XII Figueira da Foz Open 2018"]
[Site "Figueira da Foz"]
[Date "2018.11.04"]
[Round "9"]
[White "Asvestopoulou, Evdokia"]
[Black "Soares, Sara Joana De Moura"]
[Result "0-1"]
[WhiteElo "1720"]
[BlackElo "1481"]
[Annotator "NA RC"]
[PlyCount "54"]
[EventDate "2018.10.30"]
[EventType "swiss"]
[EventCountry "POR"]
[SourceTitle "playchess.com"]
[Source "ChessBase"]
[SourceQuality "1"]
[TimeControl "40/5400+30:1800+30"]

1. d4 d5 2. c4 e6 3. Nc3 Nf6 4. Bg5 Be7 5. e3 O-O 6. Nf3 h6 7. Bh4 Ne4 8. Bxe7 Qxe7 9. Nxe4 dxe4 10. Nd2 f5 11. Be2 Rd8 12. O-O c6 13. Qc2 Nd7 14. f3 exf3 15. Nxf3 Nf6 16. Rad1 b6 17. Ne5 Bb7 18. Bf3 c5 19. Nc6 Bxc6 20. Bxc6 Rac8 21. d5 Qc7 22. h3 exd5 23. cxd5 g6 24. Qc3 Ne4 25. Qc4 Kh7 26. Qa4 Rd6 27. g4 Rxc6 0-1

[Event "XII Figueira da Foz Open 2018"]
[Site "Figueira da Foz"]
[Date "2018.11.04"]
[Round "9"]
[White "Moes Joaquim, Carlos"]
[Black "Bouxo, Luis Antonio Maximi"]
[Result "1-0"]
[WhiteElo "1415"]
[BlackElo "1585"]
[Annotator "NA RC"]
[PlyCount "69"]
[EventDate "2018.10.30"]
[EventType "swiss"]
[EventCountry "POR"]
[SourceTitle "playchess.com"]
[Source "ChessBase"]
[SourceQuality "1"]
[TimeControl "40/5400+30:1800+30"]

1. d4 {[%emt 0:07:57]} d5 {[%emt 0:00:06]} 2. c4 {[%emt 0:00:10]} e6 {[%emt 0:00:06]} 3. Nf3 {[%emt 0:00:49]} Nf6 {[%emt 0:00:11]} 4. Nc3 {[%emt 0:01:37]} Be7 {[%emt 0:00:21]} 5. e3 {[%emt 0:00:53]} O-O {[%emt 0:00:06]} 6. Bd3 {[%emt 0:00:07]} c6 {[%emt 0:01:56]} 7. O-O {[%emt 0:00:30]} Re8 {[%emt 0:01:01]} 8. Ne5 {[%emt 0:00:26]} Nbd7 {[%emt 0:00:27]} 9. f4 {[%emt 0:00:20]} dxc4 {[%emt 0:01:39]} 10. Bxc4 {[%emt 0:01:45]} Nd5 {[%emt 0:01:22]} 11. Qh5 {[%emt 0:06:34]} Nxe5 {[%emt 0:04:39]} 12. fxe5 {[%emt 0:12:04]} g6 {[%emt 0:02:08]} 13. Qf3 {[%emt 0:02:26]} Rf8 {[%emt 0:05:29]} 14. e4 {[%emt 0:00:38]} Nxc3 {[%emt 0:01:42]} 15. bxc3 {[%emt 0:00:16]} Kg7 {[%emt 0:05:09]} 16. Qh3 {[%emt 0:03:12]} h5 {[%emt 0:03:21]} 17. Qe3 {[%emt 0:01:24]} Rh8 {[%emt 0:02:15]} 18. a4 {[%emt 0:01:40]} Rh7 {[%emt 0:11:48]} 19. Ba3 {[%emt 0:06:12]} Bxa3 {[%emt 0:00:50]} 20. Rxa3 {[%emt 0:00:25]} Qe7 {[%emt 0:00:31]} 21. Ra2 {[%emt 0:00:12]} Bd7 {[%emt 0:02:30]} 22. Raf2 {[%emt 0:02:24]} Kg8 {[%emt 0:01:23]} 23. Rf6 {[%emt 0:00:21]} a6 {[%emt 0:06:34]} 24. Be2 {[%emt 0:03:49]} Rf8 {[%emt 0:06:53]} 25. Qg5 {[%emt 0:00:28]} Rg7 {[%emt 0:01:07]} 26. R1f3 {[%emt 0:11:46]} Qa3 {[%emt 0:00:47]} 27. h3 {[%emt 0:00:13]} Qa1+ {[%emt 0:01:18]} 28. Kh2 {[%emt 0:00:18]} Qe1 {[%emt 0:00:53]} 29. Qe3 {[%emt 0:08:09]} Qa1 {[%emt 0:04:27]} 30. Rg3 {[%emt 0:00:34]} Rh7 {[%emt 0:05:12]} 31. h4 {[%emt 0:02:26]} Qxa4 {[%emt 0:00:51]} 32. Qf4 {[%emt 0:01:22]} Qc2 {[%emt 0:02:02]} 33. Bxh5 Rxh5 34. Rgxg6+ {[%emt 0:09:49]} Kh8 {[%emt 0:10:15]} 35. Rh6+ {[%emt 0:01:02] Kh7 [%clk 0:15:52]} 1-0

[Event "XII Figueira da Foz Open 2018"]
[Site "Figueira da Foz"]
[Date "2018.11.04"]
[Round "9"]
[White "Dong, Rafael"]
[Black "Morais, Mario Martins Freit"]
[Result "0-1"]
[WhiteElo "1360"]
[BlackElo "1766"]
[Annotator "NA RC"]
[PlyCount "40"]
[EventDate "2018.10.30"]
[EventType "swiss"]
[EventCountry "POR"]
[SourceTitle "playchess.com"]
[Source "ChessBase"]
[SourceQuality "1"]
[TimeControl "40/5400+30:1800+30"]

1. c4 {[%emt 0:00:00]} b6 {[%emt 0:00:00]} 2. Nc3 {[%emt 0:00:00]} Bb7 {[%emt 0:00:05]} 3. Nf3 {[%emt 0:00:03]} Nf6 {[%emt 0:00:12]} 4. d3 {[%emt 0:00:49]} e6 {[%emt 0:01:06]} 5. g3 {[%emt 0:01:19]} Nc6 {[%emt 0:00:36]} 6. Bg2 {[%emt 0:00:11]} Be7 {[%emt 0:01:32]} 7. O-O {[%emt 0:00:36]} Qc8 {[%emt 0:00:05]} 8. a3 {[%emt 0:00:40]} a5 {[%emt 0:00:15]} 9. Rb1 {[%emt 0:02:07]} h5 {[%emt 0:00:30]} 10. h3 {[%emt 0:00:22]} e5 {[%emt 0:02:58]} 11. e3 {[%emt 0:01:38]} h4 {[%emt 0:01:57]} 12. g4 {[%emt 0:00:12]} Nxg4 {[%emt 0:00:07]} 13. hxg4 {[%emt 0:00:55]} h3 {[%emt 0:00:05]} 14. Bh1 {[%emt 0:06:06]} d5 {[%emt 0:08:00]} 15. Nh2 {[%emt 0:00:38]} d4 {[%emt 0:00:26]} 16. exd4 {[%emt 0:01:57]} Nxd4 {[%emt 0:00:13]} 17. Ne4 {[%emt 0:02:41]} f5 {[%emt 0:00:23]} 18. gxf5 {[%emt 0:03:09]} Qxf5 {[%emt 0:02:18]} 19. Qg4 {[%emt 0:00:27]} Rh4 {[%emt 0:00:14]} 20. Qxf5 {[%emt 0:01:24]} Ne2# {[%emt 0:00:07]} 0-1

[Event "XII Figueira da Foz Open 2018"]
[Site "Figueira da Foz"]
[Date "2018.11.04"]
[Round "9"]
[White "Dong, Fabio"]
[Black "Marcal, Armando Paulo Gomes"]
[Result "1/2-1/2"]
[WhiteElo "1273"]
[BlackElo "1751"]
[Annotator "NA RC"]
[PlyCount "80"]
[EventDate "2018.10.30"]
[EventType "swiss"]
[EventCountry "POR"]
[SourceTitle "playchess.com"]
[Source "ChessBase"]
[SourceQuality "1"]
[TimeControl "40/5400+30:1800+30"]

1. c4 {[%emt 0:00:00]} c5 {[%emt 0:01:54]} 2. Nc3 {[%emt 0:00:00]} Nc6 {[%emt 0:01:15]} 3. g3 {[%emt 0:00:00]} d6 {[%emt 0:00:32]} 4. Bg2 {[%emt 0:00:02]} Nf6 {[%emt 0:00:31]} 5. Nf3 {[%emt 0:00:31]} a6 {[%emt 0:04:56]} 6. O-O {[%emt 0:00:53]} Rb8 {[%emt 0:00:35]} 7. d4 {[%emt 0:00:25]} cxd4 {[%emt 0:01:08]} 8. Nxd4 {[%emt 0:00:19]} Ne5 {[%emt 0:00:22]} 9. Bg5 {[%emt 0:07:40]} e6 {[%emt 0:03:15]} 10. Ne4 {[%emt 0:03:04]} h6 {[%emt 0:03:32]} 11. Nxf6+ {[%emt 0:05:19]} gxf6 {[%emt 0:00:09]} 12. Be3 {[%emt 0:03:19]} Bd7 {[%emt 0:01:23]} 13. b3 {[%emt 0:00:43]} h5 14. h4 Ng4 {[%emt 0:08:15]} 15. Bd2 {[%emt 0:02:09]} Qb6 {[%emt 0:07:07]} 16. Bc3 {[%emt 0:01:42]} Bh6 {[%emt 0:04:26]} 17. e3 {[%emt 0:01:06]} e5 {[%emt 0:00:41]} 18. Nc2 {[%emt 0:01:28]} Bxe3 {[%emt 0:05:46]} 19. fxe3 {[%emt 0:00:26]} Nxe3 {[%emt 0:00:19]} 20. Nxe3 {[%emt 0:00:56]} Qxe3+ {[%emt 0:00:07]} 21. Kh2 Qxc3 {[%emt 0:09:05]} 22. Rxf6 {[%emt 0:00:42]} Rg8 {[%emt 0:02:25]} 23. Rf3 {[%emt 0:00:17]} Qb4 24. Rd3 {[%emt 0:00:16]} Ke7 {[%emt 0:07:37]} 25. Qxh5 {[%emt 0:00:57]} Rg6 {[%emt 0:02:24]} 26. Qf3 {[%emt 0:01:13]} Bc6 {[%emt 0:03:44]} 27. Qf2 {[%emt 0:00:53]} Bxg2 {[%emt 0:00:20]} 28. Kxg2 {[%emt 0:00:00]} Rf6 {[%emt 0:04:25]} 29. Rf3 {[%emt 0:00:11]} Rxf3 {[%emt 0:02:58]} 30. Qxf3 Rf8 {[%emt 0:05:29]} 31. Rf1 {[%emt 0:00:43]} f5 {[%emt 0:00:05]} 32. a3 {[%emt 0:01:23]} Qb6 {[%emt 0:00:30]} 33. b4 e4 {[%emt 0:02:35]} 34. Qh5 {[%emt 0:02:31]} Ke6 {[%emt 0:04:50]} 35. Qg6+ Ke5 {[%emt 0:02:38]} 36. Qg7+ {[%emt 0:01:05]} Rf6 {[%emt 0:00:13]} 37. Qe7+ {[%emt 0:00:09]} Re6 {[%emt 0:00:19]} 38. Qg7+ {[%emt 0:00:07]} Rf6 {[%emt 0:00:16]} 39. Qe7+ {[%emt 0:00:12]} Re6 {[%emt 0:00:18]} 40. Qg7+ {[%emt 0:00:00]} Rf6 1/2-1/2